Grand Theft Auto characters that appeared in other gta games - 3D U. - Statistics

General Stats
  • This quiz has been taken 29 times
  • The average score is 10 of 27
Answer Stats
Games Character % Correct
SA and III Claude
92%
VC and SA Ken Rosenberg
76%
VC and VCS Lance Vance
68%
III and SA Catalina
64%
VC and SA Kent Paul
64%
III, SA and LCS Salvatore Leone
64%
III and LCS Toni Cipriani
60%
VC and VCS Victor Vance
60%
III, VC, LCS Donald Love
52%
VC and LCS Avery Carrington
44%
VC, VCS, III and LCS Phil Cassidy
40%
VC and VCS Ricardo Diaz
40%
III, SA and LCS Maria Latore
32%
VC and VCS Umberto Robina
32%
III, Advance, LCS 8-ball
28%
III and Advance Asuka Kasen
28%
III and Advance King Courtney
24%
III and LCS Miguel
20%
VC and SA Dwayne
16%
VC and SA Jetro
16%
VC and VCS Gonzalez
12%
III and LCS Leon McAffrey
12%
III and LCS Ma Cipriani
12%
III and LCS Ray Machowski
12%
VC and VCS Alberto Robina
4%
III and LCS Mickey Hamfists
4%
III and Advance Misty
4%
No matching quizzes found
Score Distribution
Percent of People with Each Score
Percentile by Number Answered
Your Score History
You have not taken this quiz